عرض عادي
عرض مارك
- Struchiner, Claudio J.
مدخل إسم شخص
001 - رقم الضبط
- حقل الضبط: 18709
003 - معرف رقم الضبط
- حقل الضبط: OSt
005 - تاريخ ووقت أخر عملية
- حقل الضبط: 20121226203522.0
008 - عناصر بيانات ثابتة الطول
- حقل تحكم ثابت الطول: 121226|||a|||||| | ||| d
040 ## - مصدر الفهرسة
- هيئة الفهرسة الأصلية: OSt
- وكالة الكتابة: OSt
100 ## - مدخل -- أسم شخص
- إسم شخص: Struchiner, Claudio J.
670 ## - بيانات المصدر موجوده
- الاستشهاد بالمصدر: Work cat.: (OSt)0: Halloran, M. Elizabeth. 18703, Design and analysis of vaccine studies /, c2010.
